000 01468cam a22004214i 4500
003 PE-LiUPU
005 20250731173057.0
008 150623s1955 caua r 000 0 d
035 _a(Sirsi) a24353
040 _aPE-LiUPU
_bspa
_cPE-LiUPU
_erda
082 0 4 _a286.732
_bJ38
_221
100 1 _aJemison, Thomas Housel,
_d1914-1963,
_eautor.
245 1 0 _aA prophet among you /
_cT. Housel Jemison.
264 1 _aMountain View, California :
_bPacific Press Publishing Association,
_c1955.
300 _a505 páginas :
_bilustraciones, gráficos ;
_c22 centímetros
336 _atext
_2rdacontent
337 _aunmediated
_2rdamedia
338 _avolume
_2rdacarrier
505 0 _aWhat the Bible says about its origin.
526 _aSEG42
526 _aSEG41
526 _aSEG40
526 _aSEG39
526 _aP94
526 _aP87
526 _aP86
526 _aP85
526 _aP77
526 _aP76
526 _aP35
600 1 _aWhite, Ellen Gould Harmon.
_d1827-1915
650 0 4 _aProfecía
_xIASD.
942 _2ddc
_cBOOK
949 _a286.732 J38
_wDEWEY
_c1
_i48651
_lCCODEBUL1
_mBUL
_p40.00
_r0
_sY
_tBOOK
_u2015-06-24
_xTEOLOGIA
_PP35
_0COMPRA
_o.STAFF. Colección Teología
596 _a1
999 _a286.732 J38
_wDEWEY
_c27822
_i48651
_f2021-11-11
_g6
_lCCODEBUL1
_mBUL
_p40.00
_r0
_sY
_tBOOK
_u2015-6-24
_xTEOLOGIA
_PP35
_0COMPRA
_o.STAFF. Colección Teología
_d27822
980 _81
_gALBERTO SANCHEZ Responsable de Automatización